000 01039cam a2200313 a 4500
999 _c22680
_d22680
001 4518999
003 OSt
005 20200611143948.0
008 980813s1997 ii b 001 0bengo
010 _a 98905803
020 _a9788171512294
025 _aI-U-98-905803; 10
037 _bLibrary of Congress -- New Delhi Field Office
_cRs230.00
040 _aDLC
_coclc
_dDLC
042 _alcode
043 _aaw-----
050 0 0 _aBP80.U375
_bH37 1997
082 0 0 _a297.64
_bHAS/H
100 1 _aHasan, Masudul
_9912
245 1 0 _aHadrat Umar Farooq :
_bAllahʻs blessings be upon him /
_cby Masud-ul-Hasan.
260 _aNew Delhi :
_bKitab Bhavan,
_c1997.
300 _axiv, 592 p. ;
_c23 cm.
504 _aIncludes bibliographical references and index.
520 _aOn the life of ʻUmar, d. 720, II, Caliph of Islam.
600 0 0 _aʻUmar
_bII,
_cCaliph,
_d-720.
906 _a7
_bcbc
_corigode
_d3
_encip
_f19
_gy-gencatlg
942 _2ddc
_cBK
_h297.64
_iHAS/H
_k297.64
_mHAS/H